000 00781nam a2200205 4500
999 _c4123
_d4123
001 4948
005 20190813101506.0
008 190813b ||||| |||| 00| 0 eng d
020 _a9789993653233
245 0 0 _aཐུགས་སྲས་ཟླ་བ་རྒྱལ་མཚན་གྱི་རྣམ་ཐར།
_bA beautiful jewel ornament /
_cJatshon Mebar edited by Karma Phuntsho & Dorji Gyaltshen.
246 _aThug-sar la-ba gyel-chen gi namthar.
246 _a[Biography of Dawa Gyaltshen].
260 0 0 _a[Thimphu] :
_bShejun,
_c2015.
300 0 0 _a177 p. ; 20 cm
500 _aIntroduction & overview of the book in English.
500 0 0 _aIn Dzongkha.
650 0 0 _aDrukpa- lamas --Bhutan --Biography.
650 0 0 _aThugse Dawa Gyaltshen.
942 _2ddc
_cDZONGKHA